000 01660nam a22004217a 4500
003 CHAP
005 20220329143106.0
008 060316d2006 mx r 00110 spa d
010 _a91830
011 _a92802
035 _a103368
040 _cCHAP
090 _aTesis
100 1 _aDíaz Gómez, Eulogio.
_933484
245 1 3 _aLa sustentabilidad en el manejo comunitario del agua por los Tsotsiles de los Altos de Chiapas :
_bel caso del paraje Pozuelos, Mpio. de San Juan Chamula
_c/por Eulogio Díaz Gómez
260 _aSan Cristóbal de las Casas, Chiapas :
_bEl autor,
_c2006.
300 _a180 h. :
_bilus.
502 _aTesis (M.C. en Desarrollo Rural Regional) -- UACH.Dirección de Centros Regionales
590 _aALEPH
_b10
_c20130110
_lUCH01
_h1510
590 _aBATCH-UPD
_b10
_c20130110
_lUCH01
_h0220
590 _aBATCH-UPD
_b10
_c20130110
_lUCH01
_h0807
590 _aBATCH-UPD
_b10
_c20130409
_lUCH01
_h2240
590 _aBATCH-UPD
_b10
_c20130410
_lUCH01
_h1021
590 _aBATCH-UPD
_b10
_c20130914
_lUCH01
_h1159
590 _aBATCH-UPD
_b10
_c20141001
_lUCH01
_h1312
590 _aCONVERSION
_b10
_c20130109
_lUCH01
_h1351
650 1 4 _aAgua
_xUtilización.
_92401
650 1 4 _aDesarrollo sustentable
_zChiapas.
_932099
650 1 4 _aIndios de Chiapas.
_957593
650 1 4 _aRecursos naturales
_xChiapas.
_995215
650 1 4 _aRecursos naturales
_xUtilización.
_995321
650 1 4 _aTzotziles.
_9115758
901 _aBK
905 _aAlejandra Carrasco M.
942 _cFOLL
949 _aTesis
_bBC
_cTES
_d00000001033681
_eTS1
_gDonaciØn
_h44540
_i103368
_sb
949 _aTesis
_bBC
_cTES
_d33724000999736
_eTS2
_fc.2
_gDonaciØn
_h44541
_i103368
_sb
999 _c91830
_d91830